Quiz sul Qatar - Statistics

Statistiche generali
  • Questo quiz è stato fatto 411 volte
  • Il punteggio medio è 13 su 20
Statistiche sulle risposte
Hint Risposta % Corretto
Lingua ufficiale Arabo
96%
Corpo d'acqua che bagna il Qatar Golfo {Persico}
95%
Unico paese confinante Arabia Saudita
94%
Capitale Doha
92%
Esportazione più importante Petrolio / Gas Naturale
89%
Evento ospitato nel 2022 Coppa del mondo FIFA
88%
Vicino Paese con bandiera molto simile:
Bahrain
87%
Paese da cui il Qatar è diventato indipendente nel 1971 Regno Unito
79%
Titolo del sovrano del Qatar Emiro
70%
Nomina uno dei due paesi con un PIL pro capite più alto del Qatar Monaco | Liechtenstein
70%
Più del doppio dei residenti sono nati in questo Paese India
68%
Il Qatar ha il più alto tasso al mondo di emissioni pro capite di questo Diossido di Carbonio
58%
Sistema di diritto che costituisce la base delle leggi del Qatar S{haria}
54%
Importante emittente di notizie Al Jazeera
51%
Il Qatar è l'unico paese al mondo, maggiore di 1000 kmq, senza nessun territorio con presenza di... Foreste
51%
Prima degli anni '20, l'economia del Qatar ruotava intorno a questi tesori acquatici Perle
48%
Moneta del Qatar {Riyal} Qatariota
41%
L'animale nazionale, l'orice araba, è un tipo di... Antilope
37%
Pena comminata ad un mussulmano che viene sorpreso a consumare alcol Frustate
37%
Barca tradizionale D{how}
21%
Nessun quiz corrispondente trovato
Distribuzione punteggi
Percentuale di utenti per punteggio
Percentile per numero di risposta
I tuoi punteggi nel tempo
Non hai fatto questo quiz